000 00453nam a22001217a 4500
003 SGT
082 _a200
_bP93V
100 _aवर्णेकर, श्रीधर भास्कर
245 _aप्रज्ञाभारतीयम : डॉ. श्री. भा. वर्णेकर महाश्यानां
260 _bराष्ट्रीय स्वयंसेवक संघ
_c1993
300 _a660
942 _2ddc
_cBK
999 _c31712
_d31712